01728cam a22003491 45000010008000000030004000080050017000120080041000290100022000700150014000920350023001060350017001290400023001460430012001690500017001810820014001980900018002121000020002302450092002502500014003422600047003563000023004034900091004265040029005175050519005466500039010656500050011048300089011549420012012439990015012559520108012702024158OSt20170105101204.0711020s1966 enk b 000 0 eng  a 66025316 //r86 aGB67-6056 a(OCoLC)ocm00191651 a(NNC)2024158 aDLCcDLCdUKMdZCU ae-ur---0 aBF108.R8bO3 a150/.9/47 aBF108.R8bOc51 aO'Connor, Neil.10aPresent-day Russian psychology;ca symposium by seven authors, edited by Neil O'Connor. a[1st ed.] aOxford,aNew York,bPergamon Pressc[1966] axv, 201 p.c20 cm.1 aThe Commonwealth and international library. Mental health and social medicine division aIncludes bibliographies.0 aEditor's introduction.--Attention, consciousness, and voluntary control of behaviour in Soviet psychology; philosophical roots and research branches, by J. A. Gray.--Psychotherapy in the Soviet Union, by B. H. Kirman.--Some statistical and cybernetic models in recent Soviet psychology, by P. M. A. Rabbitt.--Abnormal psychology in the U.S.S.R., by R. Lynn.--Soviet psycholinguistics, by D. I. Slobin.--Studies on the mental development of the child, by L. Rahmani.--Contemporary Soviet psychology, by J. Brožek. 0aPsychologyzSoviet UnionxHistory. 0aPsychologyxStudy and teachingzSoviet Union. 0aCommonwealth and international library.pMental health and social medicine division. 2ddccBK c2921d2921 00102ddc40708NFICaCLbCLcGENd2016-03-25l0o150/.9/47 PREpS3H-N-249r2016-03-25w2016-03-25yBK